| 000 | 00506nam a2200169 a 4500 | ||
|---|---|---|---|
| 005 | 20220615133936.0 | ||
| 008 | 991125s1960 mx 000 0 spa u | ||
| 035 | _aUPN01000003344 | ||
| 049 | _aSEP | ||
| 050 | 4 |
_aPQ7251 _bA58 1959 |
|
| 245 | 0 | 0 |
_aAnuario de la poesía mexicana : _b1959. |
| 260 |
_aMéxico : _bINBA, Departamento de Literatura, _c1960. |
||
| 300 | _a121 p. | ||
| 650 | 2 |
_aPoesía mexicana _vColecciones _91274 |
|
| 650 | 4 |
_aPOESIA MEXICANA - _vPUBLICACIONES PERIODICAS _91282 |
|
| 905 | _aLibro | ||
| 999 |
_c3344 _d3344 |
||